Niekoľko poznámok k aktuálnym problémom verejnej osobnej dopravy v regiónoch SR
Legislatívna úprava financovania regionálnej osobnej dopravy. Financovanie dopravy na regionálnej úrovni podľa zákona o dráhach a podľa zákona o cestnej doprave.
Guardado en:
| Autor principal: | |
|---|---|
| Formato: | Capítulo de libro |
| Lenguaje: | eslovaco |
| Materias: | |
| Etiquetas: |
Sin Etiquetas, Sea el primero en etiquetar este registro!
|
MARC
| LEADER | 00000naa a2200000 4500 | ||
|---|---|---|---|
| 001 | r048333 | ||
| 005 | 20230825085823.3 | ||
| 041 | 0 | |a slo | |
| 044 | |a SK | ||
| 245 | 1 | 0 | |a Niekoľko poznámok k aktuálnym problémom verejnej osobnej dopravy v regiónoch SR |c Janka Margetiaková |
| 520 | |a Legislatívna úprava financovania regionálnej osobnej dopravy. Financovanie dopravy na regionálnej úrovni podľa zákona o dráhach a podľa zákona o cestnej doprave. | ||
| 610 | 2 | 0 | |a doprava |
| 610 | 2 | 0 | |a doprava osobná |
| 610 | 2 | 0 | |a doprava verejná |
| 610 | 2 | 0 | |a regióny |
| 610 | 2 | 0 | |a financovanie |
| 610 | 2 | 0 | |a úpravy právne |
| 610 | 2 | 0 | |a Slovensko |
| 100 | 1 | |a Margetiaková, Janka | |